Match the geographical feature to its country/planet - Statistics

General Stats
  • This quiz has been taken 32 times
  • The average score is 6 of 25
Answer Stats
Hint Explanation Answer % Correct
Trollfjord Norway
79%
Blue Grotto (Grotta Azzurra) Sea cave, Capri Italy
57%
Olympus Mons Mountain Mars
57%
Dunhuang Yardang geopark Rock formations in Gansu China
54%
Defile of l'Ecluse Pass between hills France
54%
Great Darling Anabranch Branch that rejoins the main river Australia
39%
The Anti-Atlas Mountain range Morocco
39%
Durdle Door Coastal arch, Dorset England
36%
Wadi Rum Rocky, dry river valley Jordan
36%
Đavolja Varoš (Devil's Town) Hoodoos, earth pyramids Serbia
36%
Khumbu Icefall Nepal
29%
Alofaaga Blowholes Holes in the top of a sea cave Samoa
18%
Bad Bog Scotland
18%
Aldabra Island xeric scrub Desert-like area Seychelles
14%
Devil's Golf Course Dried lake bed, Death Valley USA
14%
Godzareh Depression Afghanistan
11%
Stone Mushrooms (Каменните гъби) Bulgaria
11%
Kettle Mucubají Lake in a kettle (glacial hole) Venezuela
11%
Aglaonice dune field Venus
11%
BP Structure (Gebel Dalma) Meteorite impact crater Libya
7%
Sub-Mesozoic hilly peneplains Sweden
7%
Porsild Pingo Ice-cored permafrost hill Canada
4%
Terror Rupes Escarpment Mercury
4%
Fish River Canyon Namibia
4%
Arabat Spit Sandy promontory Russia
0%
No matching quizzes found
Score Distribution
Percent of People with Each Score
Percentile by Number Answered
Your Score History
You have not taken this quiz